Statistics for Organizational Acronyms #1

Click here to take the quiz!

General Stats

  • This quiz has been taken 28,599 times
  • The average score is 11 of 20

Answer Stats

AcronymOrganization% Correct
UNUnited {Nations}
100%
CIA{Central} {Intelligence} Agency
79%
AA{Alcoholics} Anonymous
77%
RAFRoyal {Air} {Force}
77%
MoMAMuseum of {Modern} {Art}
68%
BBCBritish {Broadcasting} {Corporation}
67%
NHSNational {Health} Service
61%
NYSENew York {Stock} {Exchange}
58%
USSRUnion of {Soviet} {Socialist} Republics
52%
IRAIrish {Republican} {Army}
51%
YMCA{Young} {Men}'{s} {Christian} Association
50%
WWFWorld {Wild} {Fund}
47%
PGA{Professional} {Golfers} Association
46%
WWEWorld {Wrestling} {Entertainment}
46%
SAG{Screen} {Actor}'{s} Guild
42%
IOCInternational {Olympic} {Committee}
38%
BBB{Better} {Business} Bureau
35%
VFWVeterans of {Foreign} {Wars}
34%
ACLUAmerican {Civil} {Liberties} Union
31%
UAWUnited {Auto} {Workers}
21%

Score Distribution

Percentile by Number Answered

Percent of People with Each Score

Your Score History

You have not taken this quiz